000 00999nam0a22002411i 4500
001 rc\780986
005 20240726023554.0
035 _a(NLR Aleph) 006306899
090 _a7310395
_c7310395
100 _a20040301d1983 u |0rusy50 ca
101 0 _arus
102 _aRU
105 _aa |||||||||
200 1 _aПроизводительность труда и пути ее повышения в молочном скотоводстве
_e(На материалах овоще-молоч. совхозов Киев. об-ния)
_eАвтореф. дис. на соиск. учен. степ. канд. экон. наук
_e(08.00.05)
210 _aКиев
_d1983
215 _a25 с.
_cсхем.
300 _aВ надзаг.: АН УССР, Ин-т экономики
320 _aБиблиогр.: с. 25 (6 назв.)
700 1 _aБарабан
_bС.С.
_gСтепан Степанович
801 0 _aRU
_bNLR
_gpsbo
801 1 _aRU
_bELAR
_2rusmarc
852 _aNLR
_j84-4/5113
942 _cBOOK